Food strategy study: farm management (Record no. 63204)

MARC details
000 -LEADER
fixed length control field 01007nam a2200205 a 4500
008 - FIXED-LENGTH DATA ELEMENTS--GENERAL INFORMATION
fixed length control field 100622s1981 ||||||||||||||||| || u
050 ## - LIBRARY OF CONGRESS CALL NUMBER
Classification number GOV.ZAM(02)1981/8A
110 ## - MAIN ENTRY--CORPORATE NAME
Corporate name or jurisdiction name as entry element Ministry of Agriculture and Water Development
245 10 - TITLE STATEMENT
Title Food strategy study: farm management
260 ## - PUBLICATION, DISTRIBUTION, ETC.
Place of publication, distribution, etc. Lusaka
Name of publisher, distributor, etc. GRZ
Date of publication, distribution, etc. 1981
300 ## - PHYSICAL DESCRIPTION
Extent 73p.: ill.
350 ## -
-- 0.00
500 ## - GENERAL NOTE
General note Confidential Draft Report for Internal Discussion
650 ## - SUBJECT ADDED ENTRY--TOPICAL TERM
Topical term or geographic name entry element AGRICULTURE
650 ## - SUBJECT ADDED ENTRY--TOPICAL TERM
Topical term or geographic name entry element FOOD SUPPLY--ZAMBIA
710 ## - ADDED ENTRY--CORPORATE NAME
Corporate name or jurisdiction name as entry element Government of the Republic of Zambia (GRZ)
995 ## -
-- SPECIAL COLLECTIONS
-- 03002067
-- CBU-MAIN LIBRARY (Kitwe)
-- 0.00
-- GOV.ZAM(02)1981/8B
-- 2
-- AVAILABLE
-- Jun 2, 2015
-- 03002067
-- Zambiana Collection
995 ## -
-- SPECIAL COLLECTIONS
-- 03003318
-- CBU-MAIN LIBRARY (Kitwe)
-- 0.00
-- GOV.ZAM(02)1981/8C
-- 3
-- AVAILABLE
-- Jun 2, 2015
-- 03003318
-- Zambiana Collection
995 ## -
-- SPECIAL COLLECTIONS
-- 0.00
-- 03006588
-- CBU-MAIN LIBRARY (Kitwe)
-- 1
-- 0.00
-- GOV.ZAM(02)1981/8A
-- 1
-- AVAILABLE
-- Jun 22, 2010
-- 03006588
-- Zambiana Collection
999 ## -
-- 63204
-- 63204
Holdings
Withdrawn status Lost status Source of classification or shelving scheme Damaged status Not for loan Permanent Location Current Location Shelving location Date acquired Total Checkouts Full call number Barcode Date last seen Price effective from Koha item type
          CBU-MAIN LIBRARY, KITWE. CBU-MAIN LIBRARY, KITWE.   12/24/2022   GOV.ZAM(02)1981/8A 03002067 12/24/2022 12/24/2022 MONOGRAPH
          CBU-MAIN LIBRARY, KITWE. CBU-MAIN LIBRARY, KITWE.   12/24/2022   GOV.ZAM(02)1981/8A 03003318 12/24/2022 12/24/2022 MONOGRAPH
          CBU-MAIN LIBRARY, KITWE. CBU-MAIN LIBRARY, KITWE.   12/24/2022   GOV.ZAM(02)1981/8A 03006588 12/24/2022 12/24/2022 MONOGRAPH